[Event "CAT-chT Honor Division 2019"]
[Site "Catalonia"]
[Date "2019.02.16"]
[Round "5.7"]
[White "Campins Machado, Francesc"]
[Black "Ternault, Mathieu"]
[Result "1-0"]
[WhiteElo "2109"]
[BlackElo "2308"]
[Annotator "NA"]
[PlyCount "97"]
[EventDate "2019.01.16"]
[EventType "team-tourn"]
[EventCountry "ESP"]
[SourceTitle "playchess.com"]
[Source "ChessBase"]
[SourceQuality "1"]
[WhiteTeam "Sant Josep Badalona"]
[BlackTeam "Barcelona"]
[TimeControl "5400+30"]

1. Nf3 Nc6 2. c4 d6 3. g3 e5 4. Nc3 f5 5. d3 Nf6 6. Bg2 Be7 7. O-O O-O 8. Rb1 Qe8 9. Nd5 Nxd5 10. cxd5 Nd8 11. b4 Qh5 12. Qc2 c6 13. dxc6 bxc6 14. b5 Bd7 15. Ba3 f4 16. bxc6 Bxc6 17. Qc3 Rc8 18. Rfc1 Qf7 19. Qa5 g5 20. Qa6 Rc7 21. Rb8 fxg3 22. hxg3 g4 23. Rxd8 Bxd8 24. Rxc6 gxf3 25. Bxf3 Qxa2 26. Bxd6 Qxa6 27. Rxa6 Rc1+ 28. Kg2 Bb6 29. Bxe5 h5 30. d4 h4 31. gxh4 Kf7 32. e3 Ke6 33. Bg3 Kd7 34. h5 Rc3 35. h6 Kc8 36. Be4 Rc7 37. h7 Rg7 38. Ra1 a5 39. Kh3 Rh8 40. f4 Kd7 41. Bf5+ Kc6 42. e4 Kb5 43. d5 a4 44. Rb1+ Ka6 45. Rb4 Ka5 46. Be1 Bf2 47. Rb8+ Bxe1 48. Rxh8 Ra7 49. Rc8 1-0

[Event "CAT-chT Honor Division 2019"]
[Site "Catalonia"]
[Date "2019.02.16"]
[Round "5.8"]
[White "Oms Fuentes, Lluis"]
[Black "Hapala, Elisabeth"]
[Result "1-0"]
[WhiteElo "2302"]
[BlackElo "2136"]
[Annotator "NA"]
[PlyCount "59"]
[EventDate "2019.01.16"]
[EventType "team-tourn"]
[EventCountry "ESP"]
[SourceTitle "playchess.com"]
[Source "ChessBase"]
[SourceQuality "1"]
[WhiteTeam "Barcelona"]
[BlackTeam "Sant Josep Badalona"]
[TimeControl "5400+30"]

1. e4 c5 2. c3 Nf6 3. e5 Nd5 4. d4 cxd4 5. Nf3 e6 6. cxd4 b6 7. Nc3 Nxc3 8. bxc3 Qc7 9. Bd2 Bb7 10. Bd3 d6 11. O-O Nd7 12. Re1 dxe5 13. Nxe5 Nxe5 14. Rxe5 Bd6 15. Bb5+ Bc6 16. Qf3 Rc8 17. Bxc6+ Qxc6 18. d5 Qb7 19. Rh5 O-O 20. Qh3 g6 21. Rxh7 Be5 22. dxe6 Qc6 23. exf7+ Rxf7 24. Rxf7 Kxf7 25. Qh7+ Kf6 26. Re1 Qd6 27. Bh6 Bxh2+ 28. Kh1 Bf4 29. Bg7+ Kg5 30. Qh6+ 1-0

[Event "CAT-chT Honor Division 2019"]
[Site "Catalonia"]
[Date "2019.02.16"]
[Round "5.8"]
[White "Colls Gelaberto, Emili"]
[Black "Garcia Ramos, Daniel"]
[Result "1/2-1/2"]
[WhiteElo "2115"]
[BlackElo "2282"]
[Annotator "NA"]
[PlyCount "113"]
[EventDate "2019.01.16"]
[EventType "team-tourn"]
[EventCountry "ESP"]
[SourceTitle "playchess.com"]
[Source "ChessBase"]
[SourceQuality "1"]
[WhiteTeam "Figueres"]
[BlackTeam "Colon Sabadell Chessy"]
[TimeControl "5400+30"]

1. d4 {[%emt 0:00:00]} Nf6 {[%emt 0:00:00]} 2. Nf3 {[%emt 0:00:13]} b6 {[%emt 0:00:00]} 3. g3 {[%emt 0:00:12]} Bb7 {[%emt 0:00:00]} 4. Bg2 {[%emt 0:00:11]} e6 {[%emt 0:00:02]} 5. O-O {[%emt 0:00:27]} Be7 {[%emt 0:00:05]} 6. c4 {[%emt 0:00:20]} O-O {[%emt 0:00:07]} 7. Nc3 {[%emt 0:00:34]} Ne4 {[%emt 0:00:11]} 8. Qc2 {[%emt 0:03:00]} Nxc3 9. Qxc3 {[%emt 0:00:12]} d6 {[%emt 0:02:38]} 10. b3 {[%emt 0:02:22]} a5 {[%emt 0:01:38]} 11. Bb2 {[%emt 0:02:08]} f5 {[%emt 0:04:59]} 12. a3 Bf6 {[%emt 0:08:15]} 13. Rfd1 {[%emt 0:16:21]} Qe7 {[%emt 0:01:08]} 14. Rd2 {[%emt 0:13:03]} Nd7 {[%emt 0:01:36]} 15. Rad1 {[%emt 0:01:02]} Rab8 {[%emt 0:22:46]} 16. Ne1 {[%emt 0:07:34]} Bxg2 {[%emt 0:19:03]} 17. Nxg2 {[%emt 0:00:44]} Nc5 {[%emt 0:01:43]} 18. Qc2 {[%emt 0:02:53]} Ne4 {[%emt 0:00:41]} 19. Rd3 {[%emt 0:00:18]} b5 {[%emt 0:02:06]} 20. f3 {[%emt 0:05:32]} bxc4 {[%emt 0:00:21]} 21. bxc4 {[%emt 0:00:14]} Nc5 {[%emt 0:01:58]} 22. R3d2 {[%emt 0:02:43]} Nb3 {[%emt 0:02:26]} 23. Rd3 {[%emt 0:00:17]} a4 {[%emt 0:00:48]} 24. Bc3 {[%emt 0:07:23]} Qf7 {[%emt 0:04:48]} 25. f4 {[%emt 0:04:35]} c5 {[%emt 0:02:22]} 26. dxc5 {[%emt 0:02:01]} Bxc3 {[%emt 0:00:21]} 27. Rxc3 {[%emt 0:01:17]} Qa7 {[%emt 0:00:58]} 28. Qd3 {[%emt 0:02:05]} Nxc5 {[%emt 0:05:51]} 29. Qe3 {[%emt 0:00:36]} Qc7 {[%emt 0:01:43]} 30. Qd4 {[%emt 0:01:45]} Ne4 {[%emt 0:02:15]} 31. Rcd3 {[%emt 0:02:05]} Qb7 {[%emt 0:00:43]} 32. Nh4 {[%emt 0:02:41]} Qb2 {[%emt 0:02:30]} 33. Kf1 {[%emt 0:01:56]} Qxd4 {[%emt 0:03:37]} 34. Rxd4 {[%emt 0:00:06]} Rb3 {[%emt 0:00:14]} 35. R4d3 {[%emt 0:00:49]} Rc8 {[%emt 0:01:03]} 36. Nf3 {[%emt 0:02:21]} Rxc4 {[%emt 0:00:39]} 37. Nd4 {[%emt 0:00:34]} Rxd3 {[%emt 0:00:38]} 38. Rxd3 {[%emt 0:00:08]} Kf7 {[%emt 0:00:34]} 39. Nb5 {[%emt 0:01:34]} Ke7 {[%emt 0:00:58]} 40. Rd4 {[%emt 0:00:15]} Rxd4 {[%emt 0:05:10]} 41. Nxd4 {[%emt 0:00:03]} Nd2+ {[%emt 0:00:09]} 42. Kf2 {[%emt 0:00:30]} Nc4 {[%emt 0:00:02]} 43. Nb5 {[%emt 0:00:26]} d5 {[%emt 0:01:36]} 44. Nc3 {[%emt 0:00:39]} Kd6 {[%emt 0:00:09]} 45. Nxa4 {[%emt 0:00:11]} d4 {[%emt 0:00:07]} 46. e3 {[%emt 0:01:03]} e5 {[%emt 0:03:01]} 47. fxe5+ {[%emt 0:00:50]} Kxe5 {[%emt 0:00:01]} 48. exd4+ {[%emt 0:00:14]} Kxd4 {[%emt 0:00:01]} 49. Kf3 {[%emt 0:00:21]} g5 {[%emt 0:00:08]} 50. h3 {[%emt 0:00:58]} h6 {[%emt 0:00:41]} 51. Ke2 {[%emt 0:00:17]} Nd6 {[%emt 0:02:05]} 52. Nb6 {[%emt 0:00:20]} g4 {[%emt 0:00:14]} 53. hxg4 fxg4 54. Kf2 {[%emt 0:00:32]} Nf5 {[%emt 0:01:10]} 55. a4 {[%emt 0:00:23]} Kc5 {[%emt 0:00:09]} 56. Nd7+ {[%emt 0:00:15]} Kb4 {[%emt 0:00:16]} 57. Nf6 {[%emt 0:00:10]} 1/2-1/2

[Event "CAT-chT Honor Division 2019"]
[Site "Catalonia"]
[Date "2019.02.16"]
[Round "5.9"]
[White "Ayas Fernandez, Antonio"]
[Black "Parals Marce, Luis"]
[Result "0-1"]
[WhiteElo "2253"]
[BlackElo "2025"]
[Annotator "NA"]
[PlyCount "106"]
[EventDate "2019.01.16"]
[EventType "team-tourn"]
[EventCountry "ESP"]
[SourceTitle "playchess.com"]
[Source "ChessBase"]
[SourceQuality "1"]
[WhiteTeam "Colon Sabadell Chessy"]
[BlackTeam "Figueres"]
[TimeControl "5400+30"]

1. e4 {[%emt 0:00:00]} d6 {[%emt 0:00:00]} 2. d4 {[%emt 0:00:00]} Nf6 {[%emt 0:00:03]} 3. Nc3 {[%emt 0:00:09]} c6 {[%emt 0:00:14]} 4. a4 {[%emt 0:12:51]} a5 {[%emt 0:07:27]} 5. Bg5 {[%emt 0:09:45]} Qb6 {[%emt 0:13:26]} 6. Qd3 {[%emt 0:08:55]} Na6 {[%emt 0:12:21]} 7. O-O-O {[%emt 0:03:16]} h6 {[%emt 0:07:25]} 8. Bxf6 {[%emt 0:13:31]} gxf6 {[%emt 0:04:46]} 9. Nge2 {[%emt 0:06:14]} Bd7 {[%emt 0:09:44]} 10. Ng3 {[%emt 0:04:28]} O-O-O {[%emt 0:04:21]} 11. Be2 {[%emt 0:02:03]} Kb8 {[%emt 0:10:43]} 12. Bh5 {[%emt 0:02:33]} Be8 {[%emt 0:01:53]} 13. f4 {[%emt 0:10:21]} e6 {[%emt 0:01:37]} 14. d5 {[%emt 0:05:34]} Nc5 {[%emt 0:09:02]} 15. Qf3 {[%emt 0:02:54]} cxd5 {[%emt 0:03:14]} 16. exd5 {[%emt 0:00:16]} f5 {[%emt 0:00:32]} 17. dxe6 {[%emt 0:06:02]} fxe6 {[%emt 0:00:26]} 18. Bxe8 {[%emt 0:00:13]} Rxe8 {[%emt 0:00:12]} 19. Nh5 {[%emt 0:00:18]} Rc8 {[%emt 0:02:13]} 20. Kb1 {[%emt 0:02:59]} Rh7 {[%emt 0:05:30]} 21. Rhe1 {[%emt 0:00:24]} Rhc7 {[%emt 0:00:57]} 22. Rxe6 {[%emt 0:05:12]} Nxe6 {[%emt 0:00:36]} 23. Nd5 {[%emt 0:00:06]} Qc6 {[%emt 0:00:33]} 24. Nxc7 {[%emt 0:00:19]} Qxf3 {[%emt 0:00:17]} 25. gxf3 {[%emt 0:00:36]} Rxc7 {[%emt 0:00:51]} 26. b3 {[%emt 0:00:13]} Kc8 {[%emt 0:01:29]} 27. c4 {[%emt 0:01:05]} Kd8 {[%emt 0:00:48]} 28. Kc2 {[%emt 0:01:22]} Ke8 {[%emt 0:00:07]} 29. Nf6+ {[%emt 0:01:05]} Kf7 {[%emt 0:00:13]} 30. Nd5 {[%emt 0:00:07]} Rc8 {[%emt 0:00:23]} 31. Nb6 {[%emt 0:00:23]} Re8 {[%emt 0:00:17]} 32. Rd5 {[%emt 0:00:08]} Kg6 {[%emt 0:00:27]} 33. Rxa5 {[%emt 0:00:28]} Nxf4 {[%emt 0:00:15]} 34. Rb5 {[%emt 0:00:23]} Re2+ {[%emt 0:00:36]} 35. Kd1 {[%emt 0:00:14]} Rxh2 {[%emt 0:00:09]} 36. Nd5 {[%emt 0:00:24]} Nxd5 {[%emt 0:00:16]} 37. cxd5 {[%emt 0:00:06]} h5 {[%emt 0:00:09]} 38. Rxb7 {[%emt 0:00:33]} h4 {[%emt 0:00:07]} 39. Ke1 {[%emt 0:00:22]} h3 {[%emt 0:00:13]} 40. Kf1 {[%emt 0:00:52]} Rd2 {[%emt 0:00:41]} 41. Kg1 {[%emt 0:00:15]} Bg7 {[%emt 0:00:19]} 42. f4 {[%emt 0:01:11]} Rg2+ {[%emt 0:01:37]} 43. Kh1 {[%emt 0:00:43]} Bd4 {[%emt 0:01:15]} 44. a5 {[%emt 0:00:17]} Ra2 {[%emt 0:00:27]} 45. b4 {[%emt 0:00:18]} Be3 {[%emt 0:00:12]} 46. Re7 {[%emt 0:00:40]} Bxf4 {[%emt 0:00:11]} 47. Re1 {[%emt 0:00:15]} Rb2 {[%emt 0:01:07]} 48. a6 {[%emt 0:00:15]} Rxb4 {[%emt 0:00:40]} 49. Ra1 {[%emt 0:00:06]} Rb8 {[%emt 0:00:23]} 50. a7 {[%emt 0:00:02]} Ra8 {[%emt 0:00:04]} 51. Ra3 {[%emt 0:00:19]} h2 {[%emt 0:00:07]} 52. Ra6 {[%emt 0:00:59]} Kf6 {[%emt 0:00:20]} 53. Ra3 {[%emt 0:02:12]} Be5 {[%emt 0:00:10]} 0-1

[Event "CAT-chT Honor Division 2019"]
[Site "Catalonia"]
[Date "2019.02.16"]
[Round "5.9"]
[White "Soto, Miguel Angel"]
[Black "Jimenez Ruano, Adrian"]
[Result "1-0"]
[WhiteElo "2198"]
[BlackElo "2287"]
[Annotator "NA"]
[PlyCount "51"]
[EventDate "2019.01.16"]
[EventType "team-tourn"]
[EventCountry "ESP"]
[SourceTitle "playchess.com"]
[Source "ChessBase"]
[SourceQuality "1"]
[WhiteTeam "Sant Josep Badalona"]
[BlackTeam "Barcelona"]
[TimeControl "5400+30"]

1. e4 c5 2. Nf3 d6 3. d4 cxd4 4. Nxd4 Nf6 5. Nc3 a6 6. Bg5 e6 7. f4 Be7 8. Qf3 h6 9. Bh4 Qc7 10. O-O-O Nbd7 11. Be2 b5 12. Bxf6 Nxf6 13. e5 Bb7 14. Qg3 dxe5 15. fxe5 Nd7 16. Nxe6 fxe6 17. Qg6+ Kd8 18. Qxe6 Bg5+ 19. Kb1 Re8 20. Qf5 Ke7 21. Rd6 Nc5 22. Bh5 Rf8 23. Qg6 Bf6 24. exf6+ Kxd6 25. fxg7+ Ke7 26. Re1+ 1-0

[Event "CAT-chT Honor Division 2019"]
[Site "Catalonia"]
[Date "2019.02.16"]
[Round "5.10"]
[White "Gomez Jurado, Luis Alberto"]
[Black "Barcelo Sola, David"]
[Result "1-0"]
[WhiteElo "2201"]
[BlackElo "1991"]
[Annotator "NA"]
[PlyCount "77"]
[EventDate "2019.01.16"]
[EventType "team-tourn"]
[EventCountry "ESP"]
[SourceTitle "playchess.com"]
[Source "ChessBase"]
[SourceQuality "1"]
[WhiteTeam "Barcelona"]
[BlackTeam "Sant Josep Badalona"]
[TimeControl "5400+30"]

1. Nf3 Nc6 2. c4 e5 3. Nc3 Nf6 4. g3 d5 5. cxd5 Nxd5 6. Bg2 Nb6 7. O-O Be7 8. a3 Be6 9. b4 O-O 10. Rb1 a6 11. d3 f5 12. Be3 Nd5 13. Nxd5 Bxd5 14. Bc5 Kh8 15. Bxe7 Qxe7 16. Rc1 Rad8 17. Rc5 Rd7 18. Qc1 Bxf3 19. Bxf3 Nd4 20. Qe3 Nxf3+ 21. exf3 f4 22. Qe4 Qd6 23. Rxe5 Qxd3 24. Re8 Qd6 25. Kg2 Rd8 26. Rxf8+ Rxf8 27. Qxb7 h5 28. Rc1 fxg3 29. hxg3 h4 30. Rh1 g5 31. Qe4 Rg8 32. Qg4 Rg6 33. Rc1 Kg7 34. Rc5 Kh6 35. Qc8 Rg7 36. Qe8 Kh7 37. Qh5+ Kg8 38. Rxg5 hxg3 39. Qe8+ 1-0

[Event "CAT-chT Honor Division 2019"]
[Site "Catalonia"]
[Date "2019.02.16"]
[Round "5.10"]
[White "Vilar Lopez, Monica"]
[Black "Garcia De Blas, Esteban"]
[Result "0-1"]
[WhiteElo "2073"]
[BlackElo "1993"]
[Annotator "NA"]
[PlyCount "98"]
[EventDate "2019.01.16"]
[EventType "team-tourn"]
[EventCountry "ESP"]
[SourceTitle "playchess.com"]
[Source "ChessBase"]
[SourceQuality "1"]
[WhiteTeam "Figueres"]
[BlackTeam "Colon Sabadell Chessy"]
[TimeControl "5400+30"]

1. e4 {[%emt 0:00:00]} e6 {[%emt 0:00:18]} 2. d4 {[%emt 0:00:00]} d5 {[%emt 0:00:04]} 3. e5 {[%emt 0:00:00]} c5 {[%emt 0:00:07]} 4. c3 {[%emt 0:00:03]} Nc6 5. Nf3 {[%emt 0:00:11]} Qb6 {[%emt 0:00:15]} 6. Be2 {[%emt 0:00:20]} f6 {[%emt 0:01:02]} 7. exf6 {[%emt 0:07:26]} Nxf6 {[%emt 0:00:07]} 8. O-O {[%emt 0:00:34]} Bd6 {[%emt 0:02:03]} 9. Bd3 {[%emt 0:15:32]} O-O {[%emt 0:01:04]} 10. b3 {[%emt 0:07:20]} cxd4 {[%emt 0:06:41]} 11. cxd4 e5 {[%emt 0:05:55]} 12. dxe5 {[%emt 0:04:40]} Nxe5 {[%emt 0:00:19]} 13. Bb2 {[%emt 0:14:21]} Nxf3+ {[%emt 0:18:58]} 14. Qxf3 {[%emt 0:00:06]} Bxh2+ {[%emt 0:18:22]} 15. Kh1 {[%emt 0:33:29]} Bd6 {[%emt 0:33:34]} 16. Qe3 {[%emt 0:01:51]} Qb4 {[%emt 0:01:56]} 17. Qd4 {[%emt 0:03:46]} Bd7 {[%emt 0:02:34]} 18. Nd2 Qxd4 {[%emt 0:00:12]} 19. Bxd4 {[%emt 0:00:36]} b6 {[%emt 0:00:56]} 20. Nf3 {[%emt 0:05:17]} Rae8 {[%emt 0:01:58]} 21. Rac1 {[%emt 0:02:41]} Ne4 {[%emt 0:01:21]} 22. Rce1 {[%emt 0:00:56]} Bg4 {[%emt 0:00:15]} 23. Bxe4 {[%emt 0:00:46]} dxe4 {[%emt 0:00:22]} 24. Nd2 {[%emt 0:00:52]} Bb4 {[%emt 0:01:21]} 25. Rxe4 {[%emt 0:00:42]} Be2 {[%emt 0:00:12]} 26. Rxe2 {[%emt 0:00:20]} Rxe2 {[%emt 0:01:05]} 27. Nf3 {[%emt 0:00:34]} Rc8 {[%emt 0:01:03]} 28. Rd1 {[%emt 0:00:56]} Rxa2 29. Ng5 {[%emt 0:00:10]} Re2 {[%emt 0:00:56]} 30. Nf3 {[%emt 0:00:24]} Rec2 {[%emt 0:00:45]} 31. Be3 {[%emt 0:00:55]} Bc5 {[%emt 0:00:20]} 32. Bxc5 {[%emt 0:00:11]} R2xc5 {[%emt 0:00:34]} 33. Rd7 {[%emt 0:00:18]} R8c7 {[%emt 0:00:01]} 34. Rd8+ {[%emt 0:00:37]} Kf7 {[%emt 0:01:16]} 35. g3 {[%emt 0:00:46]} Ke7 {[%emt 0:00:26]} 36. Rd2 {[%emt 0:00:37]} Rc3 37. Nd4 {[%emt 0:00:18]} Kf7 {[%emt 0:01:09]} 38. Nb5 {[%emt 0:00:04]} Rc1+ {[%emt 0:00:43]} 39. Kg2 {[%emt 0:00:35]} Re7 {[%emt 0:00:32]} 40. Nd6+ {[%emt 0:01:01]} Kg6 {[%emt 0:00:11]} 41. Nc4 {[%emt 0:00:20]} h6 {[%emt 0:00:48]} 42. Ne3 {[%emt 0:00:13]} Kh7 {[%emt 0:00:16]} 43. Nf5 {[%emt 0:00:37]} Rec7 {[%emt 0:00:25]} 44. Rd8 {[%emt 0:00:52]} R1c2 {[%emt 0:00:19]} 45. Re8 {[%emt 0:00:35]} Rf7 46. g4 {[%emt 0:00:07]} g6 {[%emt 0:00:54]} 47. Re7 {[%emt 0:00:04]} Rxe7 {[%emt 0:00:16]} 48. Nxe7 {[%emt 0:00:07]} a5 {[%emt 0:00:22]} 49. Nd5 b5 0-1

[Event "CAT-chT Honor Division 2019"]
[Site "Catalonia"]
[Date "2019.02.23"]
[Round "6.1"]
[White "Alonso Rosell, Alvar"]
[Black "Demuth, Adrien"]
[Result "1/2-1/2"]
[WhiteElo "2559"]
[BlackElo "2519"]
[Annotator "TA"]
[PlyCount "94"]
[EventDate "2019.01.16"]
[EventType "team-tourn"]
[EventCountry "ESP"]
[SourceTitle "playchess.com"]
[Source "ChessBase"]
[SourceQuality "1"]
[WhiteTeam "Gerunda"]
[BlackTeam "Mollet"]

{[%evp 9,94,40,45,49,63,49,41,20,68,43,47,38,83,77,97,108,104,101,102,99,101,116,199,172,252,277,303,110,119,81,175,174,174,45,188,190,198,146,188,0,0,-14,10,0,0,-76,-73,-69,-71,-75,-84,-62,-8,-8,-8,-8,-8,-25,-12,-39,0,0,0,0,0,0,0,-8,0,0,0,0,-8,-8,0,0,0,0,0,0,0,0,0,0,0,0,0]} 1. d4 f5 2. c4 Nf6 3. Nc3 d6 4. Bg5 Nbd7 5. Qc2 g6 6. O-O-O {A85: Dutch Defence: 2 c4 Nf6 3 Nc3} Bg7 7. h4 c6 8. Nh3 {White is slightly better.} e5 (8... Nf8 9. e3 Qa5 10. Kb1 Ne6 11. Be2 Bd7 12. Bxf6 Bxf6 13. g4 {1-0 (30) Nakamura,H (2787)-Anton Guijarro,D (2639) Caleta 2016}) 9. dxe5 Nxe5 10. e3 O-O $146 {[#]} ({Predecessor:} 10... Nf7 11. Bf4 Qe7 12. Qd2 Be6 13. Bxd6 Nxd6 14. Qxd6 Qxd6 15. Rxd6 {½-½ (38) Maetzig,R (1994)-Svenungson,J (2012) ICCF email 2016}) 11. h5 $1 {[%mdl 512]} h6 (11... Nxh5 12. Bxd8) 12. Bxf6 $1 Qxf6 13. hxg6 Nxg6 14. Ne2 d5 15. Nhf4 Be6 (15... Nxf4 $16 16. Nxf4 Be6) 16. Nh5 $18 ({Less strong is} 16. cxd5 cxd5 17. Kb1 Nxf4 $14) 16... Qe5 (16... Qf7 {was called for.} 17. Nxg7 Kxg7) 17. Nd4 Rf7 18. g4 $2 (18. Nf3 $18 {is more deadly.} Qd6 19. Nxg7 {[%mdl 64] Discovered Attack} Kxg7 20. Qc3+ Rf6 {[#]} 21. Rxh6 $1 {[%mdl 512]}) 18... fxg4 $16 19. Bd3 (19. Qxg6 Bf5 $17) 19... Nf8 (19... Raf8 $16) 20. Nxg7 $18 Kxg7 21. Qc3 (21. Rh4 $18) 21... Qf6 (21... Kg8 $14) 22. Rdg1 {[%mdl 1024] Strongly threatening Bf5. White has strong compensation.} Kg8 23. f4 (23. cxd5 $18 cxd5 24. Nxe6 Qxc3+ 25. bxc3 Nxe6 26. Rxh6 (26. Rxg4+ Rg7 $16)) 23... Bd7 24. c5 $2 (24. Qd2 $18) 24... Re8 $11 25. Rg3 Rg7 26. Rh5 Ne6 27. Nf5 (27. Nxe6 $1 $11 {keeps the balance.} Rxe6 28. Bf5) 27... Qxc3+ $17 28. bxc3 Nxc5 29. Nxh6+ Kf8 30. Bf5 Ne4 (30... Ke7 $15) 31. Rxg4 $1 $11 Rxg4 32. Nxg4 {Hoping for Rh8+.} Bxf5 33. Rxf5+ {[%mdl 4096] Endgame KRN-KRN} Ke7 {next ...Rg8 is good for Black.} 34. Ne5 Kd6 (34... Ke6 {feels hotter.} 35. Rf7 Nc5 36. Rh7 Rg8 37. Nf3 Rg3) 35. Rf7 {The position is equal.} Re7 36. Rxe7 Kxe7 {KN-KN} 37. Kc2 Kd6 38. c4 dxc4 39. Nxc4+ Kd5 40. Nd2 b5 41. f5 {And now Nxe4 would win.} Nxd2 (41... Nc5 {keeps more tension.} 42. Nf3 a6 43. f6 Nd7 44. f7 Kd6) 42. Kxd2 {K3P-K3P} Ke5 43. e4 $1 c5 44. Kc3 a6 45. Kd3 $1 Kf6 46. Kc3 Ke5 47. Kd3 Kf6 {Accuracy: White = 59%, Black = 38%.} 1/2-1/2

[Event "CAT-chT Honor Division 2019"]
[Site "Catalonia"]
[Date "2019.02.23"]
[Round "6.1"]
[White "Martinez Pla, Xavier"]
[Black "Glek, Igor"]
[Result "1/2-1/2"]
[WhiteElo "2287"]
[BlackElo "2460"]
[Annotator "TA"]
[PlyCount "68"]
[EventDate "2019.01.16"]
[EventType "team-tourn"]
[EventCountry "ESP"]
[SourceTitle "playchess.com"]
[Source "ChessBase"]
[SourceQuality "1"]
[WhiteTeam "CE Tres Peons"]
[BlackTeam "CE Olot"]

{[%evp 15,68,16,21,11,15,10,28,16,27,24,38,11,16,10,30,16,38,40,34,-97,-110,-629,-639,-630,-630,-586,-81,-38,36,-29,0,0,0,0,0,0,0,0,0,0,0,0,0,0,0,0,0,0,0,0,0,0,0,0,60]} 1. e4 e6 2. d4 d5 3. Bd3 c5 4. exd5 exd5 5. Nf3 c4 (5... Nf6 6. O-O c4 7. Re1+ Be7 8. Be2 O-O 9. b3 cxb3 10. axb3 Nc6 11. c3 Re8 12. Nbd2 Bd6 13. Bd3 Bg4 14. Rxe8+ Qxe8 {0-1 (52) Fontaine,R (2563)-Carlsen,M (2834) chess.com INT 2018}) 6. Be2 {C01: French: Exchange Variation} Bd6 7. b3 cxb3 8. axb3 Nc6 {LiveBook: 5 Games} 9. h3 Nge7 10. O-O O-O 11. c4 h6 12. Nc3 Be6 $146 ({Predecessor:} 12... Bf5 13. Bd3 Qd7 14. Bxf5 Qxf5 15. Be3 Bb4 16. Na2 a5 {½-½ (16) Priyadharshan,K (2527)-Nyzhnyk,I (2616) Kenner 2016}) 13. Bb2 Qd7 14. Re1 Rad8 15. c5 Bb8 16. Ra4 Ng6 17. b4 {[#]} (17. Bf1 $14 {keeps the upper hand.}) 17... Bxh3 $1 $17 18. gxh3 $4 {[%mdl 8192]} (18. Bf1 $17 Bg4 19. b5) 18... Qxh3 $19 {( -> ...Nh4)} ({Not} 18... Nf4 19. Bf1 $14) 19. Bf1 Qg4+ 20. Kh1 {[#]} Rfe8 $2 ({Stronger than} 20... Qh5+ 21. Kg1 $11) (20... Nxd4 $1 $19 {and Black stays clearly on top.} 21. Qxd4 (21. Nxd4 Qh4+ 22. Kg2 Qh2+ 23. Kf3 Rfe8 $19) 21... Qxf3+ 22. Kg1 Qh5) 21. Re3 $17 Re4 ({Black should play} 21... Rxe3 $15 22. fxe3 Re8) 22. Ne5 (22. Ne1 $1 $14 Rxd4 23. Qxg4 Rxg4 24. b5) 22... Ngxe5 23. dxe5 {Hoping for Qxg4.The position is equal.} Qh4+ $1 24. Rh3 Qxf2 25. Nxe4 dxe4 26. Qe2 Rd2 27. Qxf2 Rxf2 28. b5 Rxf1+ 29. Kg2 Rb1 30. bxc6 Rxb2+ 31. Kf1 bxc6 32. Rxe4 Rb1+ 33. Ke2 Kf8 34. e6 f5 {Precision: White = 44%, Black = 52%.} (34... Rb2+ $11 35. Kd1 Rb1+ 36. Ke2 Rb2+ 37. Kd1 f6) 1/2-1/2

[Event "CAT-chT Honor Division 2019"]
[Site "Catalonia"]
[Date "2019.02.23"]
[Round "6.2"]
[White "Krysa, Leandro"]
[Black "Prie, Eric"]
[Result "1-0"]
[WhiteElo "2499"]
[BlackElo "2459"]
[Annotator "ChessBase"]
[PlyCount "87"]
[EventDate "2019.01.16"]
[EventType "team-tourn"]
[EventCountry "ESP"]
[SourceTitle "playchess.com"]
[Source "ChessBase"]
[SourceQuality "1"]
[WhiteTeam "Mollet"]
[BlackTeam "Gerunda"]
[TimeControl "5400+30"]

1. d4 {[%emt 0:00:00]} Nf6 {[%emt 0:10:47]} 2. c4 {[%emt 0:00:00]} c5 {[%emt 0:00:11]} 3. d5 {[%emt 0:00:17]} b5 {[%emt 0:00:23]} 4. cxb5 {[%emt 0:00:24]} a6 {[%emt 0:01:49]} 5. e3 {[%emt 0:00:44]} e6 {[%emt 0:00:42]} 6. Nc3 {[%emt 0:05:23]} exd5 {[%emt 0:00:32]} 7. Nxd5 {[%emt 0:06:21]} Bb7 {[%emt 0:03:29]} 8. Nxf6+ {[%emt 0:00:21]} Qxf6 {[%emt 0:00:11]} 9. Nf3 {[%emt 0:00:10]} Be7 {[%emt 0:00:07]} 10. Be2 {[%emt 0:00:22]} axb5 {[%emt 0:03:32]} 11. Bxb5 {[%emt 0:00:07]} O-O {[%emt 0:00:19]} 12. O-O {[%emt 0:00:42]} d5 {[%emt 0:04:00]} 13. a4 {[%emt 0:03:00]} Rd8 {[%emt 0:01:12]} 14. Ra2 {[%emt 0:01:26]} Nc6 {[%emt 0:04:34]} 15. b3 {[%emt 0:00:19]} d4 {[%emt 0:24:58]} 16. exd4 {[%emt 0:07:45]} Nxd4 {[%emt 0:00:44]} 17. Nxd4 {[%emt 0:02:41]} cxd4 {[%emt 0:00:37]} 18. Qd3 {[%emt 0:07:19]} Rac8 {[%emt 0:06:44]} 19. Bc4 {[%emt 0:02:57]} Bd6 {[%emt 0:07:02]} 20. Re2 {[%emt 0:06:21]} g6 {[%emt 0:16:08]} 21. Bd2 {[%emt 0:17:35]} Rc5 {[%emt 0:01:32]} 22. Rfe1 {[%emt 0:05:19]} Rh5 {[%emt 0:02:27]} 23. h3 {[%emt 0:01:30]} Kg7 {[%emt 0:04:12]} 24. a5 {[%emt 0:04:07]} Rf5 {[%emt 0:04:39]} 25. a6 {[%emt 0:02:39]} Bc6 {[%emt 0:00:29]} 26. b4 {[%emt 0:03:52]} Ba8 {[%emt 0:00:23]} 27. b5 {[%emt 0:01:05]} Bc5 {[%emt 0:00:31]} 28. f4 {[%emt 0:01:14]} h5 {[%emt 0:01:12]} 29. Re5 {[%emt 0:02:35]} h4 {[%emt 0:00:17]} 30. Ba5 {[%emt 0:02:46]} Rc8 {[%emt 0:00:26]} 31. Bd2 {[%emt 0:07:43]} Bb6 {[%emt 0:00:01]} 32. Re7 {[%emt 0:02:50]} Qd6 {[%emt 0:00:36]} 33. Re8 {[%emt 0:02:00]} Rxc4 {[%emt 0:01:13]} 34. Qxc4 {[%emt 0:01:15]} Bd5 {[%emt 0:00:21]} 35. Qd3 {[%emt 0:00:56]} Be6 {[%emt 0:00:23]} 36. Ra1 {[%emt 0:01:53]} Qc5 {[%emt 0:00:23]} 37. Rc1 {[%emt 0:01:11]} Qd5 {[%emt 0:00:14]} 38. Rb8 {[%emt 0:00:40]} Qd6 {[%emt 0:00:25]} 39. Rxb6 {[%emt 0:00:45]} Qxb6 {[%emt 0:00:05]} 40. Rc6 {[%emt 0:00:14]} Qxb5 {[%emt 0:00:24]} 41. Qxd4+ {[%emt 0:00:25]} Kh7 {[%emt 0:01:36]} 42. Bc3 {[%emt 0:00:35]} Qb1+ {[%emt 0:00:36]} 43. Kh2 {[%emt 0:00:05]} f6 {[%emt 0:00:31]} 44. Rxe6 {[%emt 0:00:15]} 1-0

[Event "CAT-chT Honor Division 2019"]
[Site "Catalonia"]
[Date "2019.02.23"]
[Round "6.2"]
[White "Vidal Zamora, Alex"]
[Black "Escuder, Jordi"]
[Result "1/2-1/2"]
[WhiteElo "2421"]
[BlackElo "2271"]
[Annotator "NA"]
[PlyCount "38"]
[EventDate "2019.01.16"]
[EventType "team-tourn"]
[EventCountry "ESP"]
[SourceTitle "playchess.com"]
[Source "ChessBase"]
[SourceQuality "1"]
[WhiteTeam "CE Olot"]
[BlackTeam "CE Tres Peons"]
[TimeControl "5400+30"]

1. d4 d5 2. c4 e6 3. Nc3 c6 4. e3 Nf6 5. Nf3 Nbd7 6. Qc2 Bd6 7. b3 O-O 8. Bb2 Qe7 9. Rd1 Re8 10. Be2 b6 11. O-O Bb7 12. e4 dxe4 13. Nxe4 Nxe4 14. Qxe4 Nf8 15. Ne5 c5 16. Qe3 cxd4 17. Bxd4 f6 18. Nf3 Rad8 19. Nh4 e5 1/2-1/2